000 00911nam a2200253 c 4500
001 a5154199
003 CO-ViMGA
005 20230915233140.0
008 120109s2011 sp a | |||| 000 0 spa
020 _a9788493856878
040 _aCO-ViMGA
_bspa
_cCO-ViMGA
041 1 _hfre
082 0 4 _a846.8
_bR45c
100 1 _aRimbaud, Arthur
_d1854-1891
_94645
240 1 0 _aLettere dall'Africa
_lEspañol-Frances
245 1 0 _aCartas de Africa
_cArthur Rimbaud ; ilustraciones de Hugo Pratt ; introduccion de Dominique y Nadine Petitfaux ; [traduccion, Paula Cifuentes]
260 _a[Madrid] :
_bGallo Nero,
_c2011.
300 _a79 p. :
_bil. col. ;
_c28 cm.
490 0 _aGallographics ;
_v4
546 _aTexto en francš y traduccin̤ al espaǫl; introduccin̤ en espaǫl
600 1 7 _aRimbaud, Arthur
_d1854-1891
_vCorrespondencia
_2embne
_94646
700 1 _aPratt, Hugo
_d1927-1995
_94647
942 _2ddc
_cBK
999 _c35801
_d35801